000 00682nam a2200229Ia 4500
003 OSt
005 20220925204824.0
006 a|||||r|||| 00| 0
007 ta
008 220923b |||||||| |||| 00| 0 eng d
037 _cGeneral Book
040 _aRTL
_cRTL
_beng
041 _2eng
_aeng
082 _aX9(J94).2.N56<N50r, J6
110 _aJIYAJEERAO COTTON MILLS LIMITED
_9246405
245 0 _aAnnual report and accounts, 1950.
260 _aGwalior
_bJiyajeerao Cotton Mills Ltd
_c1956
300 _a23p.
_ccm.
700 _aJIYAJEERAO COTTON MILLS LIMITED
_9246406
942 _hX9(J94).2.N56<N50r, J6
_cGB
_2CC
999 _c550531
_d550531